000 00486nam a2200181Ia 4500
005 20240404110225.0
008 131103s9999 xx 000 0 und d
040 _aLoreto College
041 _aEnglish
082 _a420.7
_bVER
100 _aVerma, S. K.
245 _aIntroductions to english language teaching
_cS K. Verma
260 _aDelhi
_bOxford University Press
_c1974
300 _aV.1
650 _aEnglish language - Study & teaching
850 _aLCBED
942 _cBK
999 _c27656
_d78135